Kaaoksesta kokoelmaksi sodan ja evakuoinnin seurauksena syntynyt suomen ortodoksinen kirkkomuseo. / (Record no. 66356)
[ view plain ]
| 000 -LEADER | |
|---|---|
| fixed length control field | 00969nam a22002537a 4500 |
| 003 - CONTROL NUMBER IDENTIFIER | |
| control field | SEM |
| 005 - DATE AND TIME OF LATEST TRANSACTION | |
| control field | 20220608073649.0 |
| 008 - FIXED-LENGTH DATA ELEMENTS--GENERAL INFORMATION | |
| fixed length control field | 170425b xxu||||| |||| 00| 0 fin |
| 020 ## - INTERNATIONAL STANDARD BOOK NUMBER | |
| International Standard Book Number | 9789519396255 |
| 040 ## - CATALOGING SOURCE | |
| Original cataloging agency | |
| Transcribing agency | |
| 041 0# - LANGUAGE CODE | |
| Language code of text/sound track or separate title | fin. |
| 245 00 - TITLE STATEMENT | |
| Title | Kaaoksesta kokoelmaksi sodan ja evakuoinnin seurauksena syntynyt suomen ortodoksinen kirkkomuseo. / |
| Statement of responsibility, etc. | Kirjo.: T. Leskinen and oth.; Kään.: M. Hicks and oth. |
| 246 11 - VARYING FORM OF TITLE | |
| Title proper/short title | From Chaos to a Collection. |
| Remainder of title | The Orthodox Church Museum of finland, born out of the war and the evacuation. |
| 260 ## - PUBLICATION, DISTRIBUTION, ETC. | |
| Place of publication, distribution, etc. | Finland: |
| Name of publisher, distributor, etc. | Gummerus Kirjapaino Oy, |
| Date of publication, distribution, etc. | 2008. |
| 300 ## - PHYSICAL DESCRIPTION | |
| Extent | 91 p.; |
| Other physical details | ill.; |
| Dimensions | 29 cm. |
| 650 ## - SUBJECT ADDED ENTRY--TOPICAL TERM | |
| Topical term or geographic name entry element | Museums |
| Form subdivision | album |
| General subdivision | Orthodox church |
| 700 1# - ADDED ENTRY--PERSONAL NAME | |
| Personal name | Leskinen Tersa |
| Relationship | kirjo. |
| Relator term | aut. |
| 700 1# - ADDED ENTRY--PERSONAL NAME | |
| Personal name | Jaakola Minna |
| Relationship | kirjo. |
| Relator term | aut. |
| 700 1# - ADDED ENTRY--PERSONAL NAME | |
| Personal name | Sturm Päivi |
| Relationship | kirjo. |
| Relator term | aut. |
| 700 1# - ADDED ENTRY--PERSONAL NAME | |
| Personal name | Hicks Malcolm |
| Relationship | kään. |
| Relator term | trl. |
| 700 ## - ADDED ENTRY--PERSONAL NAME | |
| Personal name | Wendland Lothar |
| Relationship | kään. |
| Relator term | trl. |
| 700 ## - ADDED ENTRY--PERSONAL NAME | |
| Personal name | Kurrika Artur |
| Relationship | kään. |
| Relator term | trl. |
| 942 ## - ADDED ENTRY ELEMENTS (KOHA) | |
| Source of classification or shelving scheme | Universal Decimal Classification |
| Koha item type | Գրքեր/Books |
| Withdrawn status | Lost status | Source of classification or shelving scheme | Damaged status | Not for loan | Collection code | Home library | Current library | Date acquired | Cost, normal purchase price | Inventory number | Total Checkouts | Full call number | Barcode | Date last seen | Price effective from | Koha item type | Public note |
|---|---|---|---|---|---|---|---|---|---|---|---|---|---|---|---|---|---|
| Universal Decimal Classification | Գրապահոց | Մայր Աթոռ Սուրբ Էջմիածին «Վաչե և Թամար Մանուկյան» Մատենադարան | Մայր Աթոռ Սուրբ Էջմիածին «Վաչե և Թամար Մանուկյան» Մատենադարան | 25/04/2017 | 3500.00 | Fin-7 | 069:281.9(084.1)/K-69 | Fin-7 | 25/04/2017 | 08/06/2022 | Գրքեր/Books | Սպասարկվում է ընթերցասրահ | |||||
| Universal Decimal Classification | Գրապահոց | Մայր Աթոռ Սուրբ Էջմիածին «Վաչե և Թամար Մանուկյան» Մատենադարան | Մայր Աթոռ Սուրբ Էջմիածին «Վաչե և Թամար Մանուկյան» Մատենադարան | 25/04/2017 | 7000.00 | Fin-12 | 069:281.9(084.1)/K-69 | Fin-12 | 25/04/2017 | 08/06/2022 | Գրքեր/Books | Սպասարկվում է 30 օր | |||||
| Universal Decimal Classification | Գրապահոց | Մայր Աթոռ Սուրբ Էջմիածին «Վաչե և Թամար Մանուկյան» Մատենադարան | Մայր Աթոռ Սուրբ Էջմիածին «Վաչե և Թամար Մանուկյան» Մատենադարան | 25/04/2017 | 7000.00 | Fin-13 | 069:281.9(084.1)/K-69 | Fin-13 | 25/04/2017 | 08/06/2022 | Գրքեր/Books | Սպասարկվում է 30 օր |